[Event "Colwyn Bay op"]
[Site "Colwyn Bay"]
[Date "2014.07.05"]
[Round "3"]
[White "Swiech, Piotr"]
[Black "Bryant, Richard BE"]
[Result "0-1"]
[WhiteElo "1944"]
[BlackElo "2010"]
[PlyCount "100"]
[EventDate "2014.07.04"]
[EventType "swiss"]
[EventRounds "5"]
[EventCountry "WLS"]
[SourceTitle "EXT 2016"]
[Source "ChessBase"]
[SourceDate "2015.10.08"]
[SourceVersion "1"]
[SourceVersionDate "2015.10.08"]
[SourceQuality "1"]

1. d4 d5 2. c4 c6 3. Nc3 Nf6 4. Nf3 dxc4 5. a4 Bf5 6. e3 e6 7. Bxc4 Bb4 8. 0-0 0-0 9. h3 Bg6 10. Qb3 Qe7 11. Ne5 a5 12. f3 Nbd7 13. Nxg6 hxg6 14. e4 e5 15. Be3 exd4 16. Bxd4 Nc5 17. Qc2 Ne6 18. Be3 Bc5 19. Qf2 Bxe3 20. Qxe3 Rfe8 21. Rfd1 Qb4 22. b3 Nc7 23. Na2 Qe7 24. Rd2 Rad8 25. Rad1 Rxd2 26. Rxd2 b5 27. Bf1 bxa4 28. bxa4 Ncd5 29. Qd4 c5 30. Qd3 Nb4 31. Qb5 Qa7 32. Kh1 Rb8 33. Qc4 Nh5 34. Nc3 Qe7 35. Nd5 Qg5 36. Rd1 Ng3+ 37. Kg1 Nxd5 38. exd5 Qe3+ 39. Kh2 Rb4 40. Qc1 Nxf1+ 41. Rxf1 Qe5+ 42. Kh1 Qxd5 43. Qe3 Rd4 44. Qe8+ Kh7 45. Kg1 c4 46. Qb5 Qd8 47. Rc1 Rd1+ 48. Rxd1 Qxd1+ 49. Kf2 c3 50. Qc4 c2 0-1

[Event "Rewal op-B 16th"]
[Site "Rewal"]
[Date "2011.08.27"]
[Round "8"]
[White "Swiech, Piotr"]
[Black "Tomczak, Mikolaj"]
[Result "1-0"]
[WhiteElo "1929"]
[BlackElo "1693"]
[PlyCount "69"]
[EventDate "2011.08.18"]
[EventType "swiss"]
[EventRounds "9"]
[EventCountry "POL"]
[SourceTitle "CBM 144 Extra"]
[Source "ChessBase"]
[SourceDate "2011.10.28"]
[SourceVersion "1"]
[SourceVersionDate "2011.10.28"]
[SourceQuality "1"]

1. d4 Nf6 2. c4 c5 3. d5 b5 4. cxb5 a6 5. bxa6 Bxa6 6. Nc3 d6 7. e4 Bxf1 8. Kxf1 Nbd7 9. g4 Nb6 10. h3 g6 11. b3 Bg7 12. Rb1 Nxg4 13. hxg4 Bxc3 14. Qc2 Bg7 15. Bh6 Bxh6 16. Rxh6 Qc8 17. Qc3 f6 18. Qh3 Rxa2 19. Re1 Nd7 20. Rxg6 hxg6 21. Qxh8+ Nf8 22. Qh3 Nd7 23. g5 Qa6+ 24. Kg2 fxg5 25. Qh8+ Kf7 26. Nf3 e6 27. Rh1 Nf8 28. Nxg5+ Ke7 29. Qg7+ Kd8 30. Rh8 Rxf2+ 31. Kxf2 Qa2+ 32. Kg3 Qxb3+ 33. Nf3 Qxf3+ 34. Kxf3 c4 35. Rxf8# 1-0

[Event "Rewal op-B 16th"]
[Site "Rewal"]
[Date "2011.08.24"]
[Round "5"]
[White "Gawiec, Konrad"]
[Black "Swiech, Piotr"]
[Result "1-0"]
[WhiteElo "1820"]
[BlackElo "1929"]
[PlyCount "59"]
[EventDate "2011.08.18"]
[EventType "swiss"]
[EventRounds "9"]
[EventCountry "POL"]
[SourceTitle "CBM 144 Extra"]
[Source "ChessBase"]
[SourceDate "2011.10.28"]
[SourceVersion "1"]
[SourceVersionDate "2011.10.28"]
[SourceQuality "1"]

1. e4 e6 2. d3 d5 3. Nc3 c6 4. g3 Bb4 5. Bd2 Nf6 6. Bg2 d4 7. Nce2 Bxd2+ 8. Qxd2 0-0 9. h3 e5 10. f4 exf4 11. gxf4 a5 12. Nf3 c5 13. Rg1 Nc6 14. f5 Re8 15. Bh1 Nd7 16. Rg3 Nde5 17. 0-0-0 Nxf3 18. Bxf3 Ne5 19. Rdg1 g6 20. Nf4 Nxf3 21. Rxf3 Re5 22. fxg6 f5 23. gxh7+ Kxh7 24. Nh5 Ra6 25. Qg2 Qf8 26. Kb1 Qf7 27. Rg3 Qxh5 28. Rg7+ Kh6 29. Rg8 Re7 30. Rh8+ 1-0

[Event "Chorzow op"]
[Site "Chorzow"]
[Date "2008.03.29"]
[Round "3"]
[White "Swiech, Piotr"]
[Black "Santura, Janusz"]
[Result "1-0"]
[WhiteElo "2024"]
[BlackElo "1817"]
[PlyCount "117"]
[EventDate "2008.03.29"]
[EventType "swiss"]
[EventRounds "9"]
[EventCountry "POL"]
[SourceTitle "EXT 2010"]
[Source "ChessBase"]
[SourceDate "2010.11.25"]
[SourceVersion "1"]
[SourceVersionDate "2010.11.25"]
[SourceQuality "1"]

1. d4 d5 2. c4 e6 3. Nc3 Nf6 4. Bg5 Nbd7 5. c5 Be7 6. e3 0-0 7. Nf3 Ne4 8. Bf4 f5 9. Nb5 e5 10. Nxe5 c6 11. Nc3 Ndf6 12. h3 Nxc3 13. bxc3 Ne4 14. Qb3 Bh4 15. Nd3 Qe8 16. g3 Bd8 17. Bg2 b6 18. f3 Nxg3 19. Rg1 Bh4 20. Kd2 b5 21. a4 Be6 22. axb5 cxb5 23. Nb4 a5 24. Nd3 Nh5 25. Bd6 Rf7 26. Ne5 Rb7 27. c6 Rb6 28. Bc7 a4 29. Rxa4 bxa4 30. Qxb6 Bd8 31. Bxd8 Qxd8 32. Qxd8+ Rxd8 33. Bf1 Ra8 34. Bb5 Nf6 35. Ra1 a3 36. c4 Ne8 37. Kc3 Nc7 38. Kb4 Kf8 39. Rxa3 Rxa3 40. Kxa3 Ke7 41. Kb4 Kd6 42. c5+ Ke7 43. Bf1 g5 44. Ka5 Kd8 45. Bg2 h6 46. Nd3 Bf7 47. Kb4 Ke7 48. Kc3 Nb5+ 49. Kb4 Nc7 50. Ne5 Be6 51. Kc3 Nb5+ 52. Kd3 Nc7 53. Nd7 Na6 54. Nb6 Nb4+ 55. Kc3 Nxc6 56. e4 dxe4 57. fxe4 fxe4 58. d5 e3 59. dxc6 1-0

[Event "POL-chT3 Liga Slaska"]
[Site "Poland"]
[Date "2007.01.28"]
[Round "1"]
[White "Chmiel, Piotr"]
[Black "Swiech, Piotr"]
[Result "1-0"]
[WhiteElo "1993"]
[BlackElo "2034"]
[PlyCount "69"]
[EventDate "2007.01.28"]
[EventType "team-swiss"]
[EventRounds "9"]
[EventCountry "POL"]
[SourceTitle "EXT 2011"]
[Source "ChessBase"]
[SourceDate "2010.11.26"]
[SourceVersion "1"]
[SourceVersionDate "2010.11.26"]
[SourceQuality "1"]
[WhiteTeam "Gory Strzybniczanka Tarnowskie"]
[BlackTeam "Mikolow AKS"]
[WhiteTeamCountry "POL"]
[BlackTeamCountry "POL"]

1. e4 e6 2. d4 d5 3. exd5 exd5 4. c4 c6 5. Nc3 Be6 6. cxd5 Bxd5 7. Nxd5 Qxd5 8. Nf3 Bd6 9. Bd3 Ne7 10. 0-0 Nd7 11. Qc2 h6 12. Re1 0-0 13. Bd2 Rae8 14. a4 Qh5 15. a5 Nf6 16. Qb3 b6 17. axb6 axb6 18. Qxb6 Rb8 19. Qa7 Rxb2 20. h3 Ned5 21. Rab1 Rxb1 22. Rxb1 g5 23. Ne5 Qh4 24. Rb7 Bxe5 25. dxe5 Ne4 26. Be1 Qf4 27. Qd4 Nd6 28. Qxf4 Nxf4 29. exd6 Nxd3 30. Ba5 Nc5 31. Rc7 Ra8 32. Bb6 Ne6 33. d7 Ra1+ 34. Kh2 Kf8 35. Rxc6 1-0

[Event "POL-chT3"]
[Site "Poland"]
[Date "2002.??.??"]
[Round "?"]
[White "Wojciechowski, Adam"]
[Black "Swiech, Piotr"]
[Result "1-0"]
[WhiteElo "2169"]
[BlackElo "2021"]
[PlyCount "43"]
[EventDate "2002.??.??"]
[EventType "team"]
[EventRounds "9"]
[EventCountry "POL"]
[SourceTitle "EXT 2006"]
[Source "ChessBase"]
[SourceDate "2005.11.24"]
[SourceVersion "1"]
[SourceVersionDate "2005.11.24"]
[SourceQuality "1"]

1. e4 Nf6 2. Nc3 d6 3. d4 g6 4. f4 Bg7 5. Nf3 c5 6. dxc5 Qa5 7. Qd3 Qxc5 8. Be3 Qa5 9. Qb5+ Nc6 10. e5 Ng4 11. Qxa5 Nxa5 12. Bd2 Nc6 13. h3 Nh6 14. exd6 exd6 15. 0-0-0 0-0 16. g4 b6 17. f5 Ne5 18. Nxe5 dxe5 19. f6 Bxf6 20. Bxh6 Re8 21. Bb5 Bb7 22. Rhf1 1-0

[Event "POL-chT2 South"]
[Site "Ustron"]
[Date "2001.09.??"]
[Round "?"]
[White "Swiech, Piotr"]
[Black "Misiuga, Andrzej"]
[Result "0-1"]
[WhiteElo "2054"]
[BlackElo "2196"]
[PlyCount "60"]
[EventDate "2001.09.14"]
[EventType "team-swiss"]
[EventRounds "10"]
[EventCountry "POL"]
[SourceTitle "EXT 2019"]
[Source "ChessBase"]
[SourceDate "2018.10.10"]
[SourceVersion "1"]
[SourceVersionDate "2018.10.10"]
[SourceQuality "1"]

1. d4 Nf6 2. c4 g6 3. Nc3 Bg7 4. e4 d6 5. f3 0-0 6. Be3 b6 7. Bd3 Bb7 8. Qd2 c5 9. d5 e6 10. g4 exd5 11. cxd5 Re8 12. 0-0-0 Nbd7 13. h4 Ne5 14. Be2 a6 15. h5 b5 16. hxg6 fxg6 17. Nh3 b4 18. Na4 Bc8 19. b3 Bd7 20. Nb2 Nexg4 21. Bg5 Ne5 22. Nf4 Nxe4 23. Bxd8 Nxd2 24. Bc7 Ndxf3 25. Bxd6 Nd4 26. Bc4 Nxc4 27. Nxc4 Bg4 28. Rd2 Re4 29. Rf2 Rae8 30. Bxc5 Rxf4 0-1

[Event "POL-chT2 South"]
[Site "Ustron"]
[Date "2001.09.??"]
[Round "?"]
[White "Swiech, Piotr"]
[Black "Sanetra, Piotr"]
[Result "0-1"]
[WhiteElo "2054"]
[BlackElo "2149"]
[PlyCount "112"]
[EventDate "2001.09.14"]
[EventType "team-swiss"]
[EventRounds "10"]
[EventCountry "POL"]
[SourceTitle "EXT 2019"]
[Source "ChessBase"]
[SourceDate "2018.10.10"]
[SourceVersion "1"]
[SourceVersionDate "2018.10.10"]
[SourceQuality "1"]

1. d4 d5 2. c4 e6 3. Nc3 Nf6 4. Bg5 Be7 5. e3 0-0 6. Rc1 c6 7. Bd3 dxc4 8. Bxc4 Nd5 9. Bxe7 Qxe7 10. a3 Nd7 11. Nf3 Nxc3 12. Rxc3 e5 13. 0-0 exd4 14. Nxd4 Ne5 15. Ba2 c5 16. Ne2 Rd8 17. Qc2 b6 18. h3 Ba6 19. Re1 Rd6 20. Nf4 Rad8 21. e4 Bb7 22. Nd5 Bxd5 23. Bxd5 Rxd5 24. exd5 Nf3+ 25. Rxf3 Qxe1+ 26. Kh2 Qe5+ 27. g3 Qxd5 28. Re3 g6 29. Qa4 Qf5 30. Re2 Qf3 31. Re8+ Rxe8 32. Qxe8+ Kg7 33. Kg1 Qd1+ 34. Kg2 Qd5+ 35. Kg1 Qd4 36. Qe2 c4 37. h4 h5 38. Kg2 b5 39. Kf1 a6 40. Ke1 Kf6 41. Qf3+ Ke6 42. Qc6+ Qd6 43. Qe8+ Kf6 44. Qa8 Qe5+ 45. Kf1 Kg7 46. Qxa6 Qxb2 47. Qd6 Qf6 48. Qc5 Qf5 49. Qd4+ Kg8 50. Qc3 Qe4 51. Qd2 Qe5 52. Qd8+ Kg7 53. Kg2 Qe4+ 54. Kf1 c3 55. Qd1 c2 56. Qa1+ Kg8 0-1

[Event "POL-chT Region"]
[Site "Poland"]
[Date "1999.??.??"]
[Round "?"]
[White "Ledwon, Eugeniusz"]
[Black "Swiech, Piotr"]
[Result "1-0"]
[WhiteElo "2260"]
[BlackElo "2063"]
[PlyCount "83"]
[EventDate "1999.??.??"]
[EventType "team"]
[EventRounds "13"]
[EventCountry "POL"]
[SourceTitle "EXT 2002"]
[Source "ChessBase"]
[SourceDate "2001.11.25"]
[SourceVersion "1"]
[SourceVersionDate "2001.11.25"]
[SourceQuality "1"]

1. e4 d6 2. d4 Nf6 3. Nc3 g6 4. Nf3 Bg7 5. Bc4 c6 6. a4 Nbd7 7. 0-0 e5 8. dxe5 dxe5 9. h3 0-0 10. Be3 Qa5 11. Qd6 Re8 12. b4 Qd8 13. Ng5 Rf8 14. Rfd1 h6 15. Nf3 Re8 16. Qd2 Qe7 17. Rab1 Kh7 18. a5 Nh5 19. Ne2 Ndf6 20. Bd3 Nxe4 21. Bxe4 f5 22. Bc5 Qf7 23. Nxe5 Bxe5 24. Bf3 Nf6 25. b5 Ne4 26. Qb4 Bd7 27. bxc6 Bxc6 28. Nd4 Bxd4 29. Bxd4 Red8 30. c3 a6 31. Bb6 Rd7 32. Rxd7 Bxd7 33. Rd1 Bc6 34. Bxe4 fxe4 35. Rd6 Re8 36. Bd4 g5 37. Qc5 Re6 38. Rxe6 Qxe6 39. Qf8 Kg6 40. Qg7+ Kh5 41. g4+ Kh4 42. Qc7 1-0